000 00447nam a22001457a 4500
005 20231130061856.0
008 231130b |||||||| |||| 00| 0 eng d
041 _aEnglish
082 _a323.4 SOT
100 _aSottas, E
_lEnglish
245 _aThe Least Developed Countries :
_bDevelopment and Human Rights /
_cE Sottas
300 _b152 pages ;
_c30,2 cm.
650 _aLegal practice
_bLaw
942 _cBK
_6ALISON_BN_VRIES
999 _c1067
_d1067